| 000 | 00509nam a2200193 a 4500 | ||
|---|---|---|---|
| 001 | 7470 | ||
| 003 | CO-ViMGA | ||
| 008 | 141112s2004 ck r 000 u spa d | ||
| 020 | _a8447006573 | ||
| 040 |
_aCO-ViMGA _bspa _cCO-ViMGA |
||
| 082 | 0 | 4 | _a346.022 D439m |
| 100 | 1 |
_aDiez - Picazo Gimenez, Gema _96752 |
|
| 245 | 1 | 0 | _aLa mora y la responsabilidad contractual |
| 260 |
_aMadrid : _bCivitas, _c1996 |
||
| 300 | _a918 p | ||
| 490 | _aMonografías civitas | ||
| 650 | 1 | 4 |
_aCONTRATOS _948178 |
| 942 |
_2ddc _cBK |
||
| 999 |
_c19417 _d19417 |
||